| 000 | 00897nam a22002057a 4500 | ||
|---|---|---|---|
| 003 | BD-ChCU | ||
| 005 | 20241127105247.0 | ||
| 008 | 241127b bg ||||| |||| 00| 0 ben d | ||
| 020 | _a9789849735434 | ||
| 040 | _cBD-ChCU | ||
| 082 |
_222 _a৯৫৪.৯২ উম ৮ বা _b |
||
| 100 |
_aউমর, বদরুদ্দীন _96038 |
||
| 245 |
_aবাঙলাদেশের অভ্যুদয় : _cপূর্ব পাকিস্তানের ইতিহাস (১৯৫৮-১৯৭১) / _bবদরুদ্দীন উমর |
||
| 260 |
_aঢাকা : _bবাতিঘর, _cc২০২৩ |
||
| 300 |
_aখ:২, ৪৩৫পৃ. : _c২২ সে.মি. |
||
| 600 | 0 |
_a. _96050 |
|
| 650 | 0 |
_aবাঙলাদেশের - ইতিহাস _96042 |
|
| 700 |
_aআহমদ, মুঈনুদ্দীন _eঅনুবাদক _96048 |
||
| 942 |
_2ddc _cBK _n0 |
||
| 999 |
_c104744 _d104744 |
||